| 000 | 00665nam a2200205Ia 4500 | ||
|---|---|---|---|
| 003 | GCL | ||
| 008 | 140319s9999 xx 000 0 ara d | ||
| 040 |
_aGCL / _cGCL |
||
| 082 | 0 | 4 |
_a910.133 _bز د |
| 100 | 1 | _aفيليب رفلة | |
| 245 | 1 | 0 |
_aالدول العربية اقتصاديتها وجغرافيتها / _cفيليب رفلة |
| 260 |
_a[S.N] : _bسعد الدين للطباعة والنشر والتوزيع ، _c1985 |
||
| 300 | _a415 ص | ||
| 490 | _a | ||
| 650 | 0 | 4 | _aتاريخ |
| 650 | 0 | 4 | _aالجغرافيا الاقتصادية |
| 650 | 0 | 4 | _aالدولة العربية |
| 650 | 0 | 4 | _aالموارد الطبيعية |
| 942 |
_2ddc _cBK |
||
| 999 |
_c43656 _d43656 |
||